[Event "NK C Meisjes"]
[Site "Chess.com"]
[Date "2020.05.01"]
[Round "1"]
[White "Pereira Garza, Cecilia"]
[Black "Huang, Luna"]
[Result "1/2-1/2"]
[WhiteElo "1621"]
[BlackElo "1423"]
[PlyCount "61"]
[EventDate "2020.??.??"]

1. d4 d5 2. c4 e6 3. Nc3 Nf6 4. cxd5 exd5 5. Bg5 Be7 6. e3 O-O 7. Bd3 Nbd7 8.
Nge2 c5 9. O-O b6 10. f3 Bb7 11. e4 dxe4 12. fxe4 Nxe4 13. Bxe4 Bxe4 14. Bxe7
Qxe7 15. d5 Nf6 16. d6 Qd7 17. Ng3 Bc6 18. Qd2 Rfd8 19. Rad1 Ne8 20. Nce4 Bxe4
21. Nxe4 Qc6 22. d7 Qxe4 23. dxe8=Q+ Qxe8 24. Qf2 Rxd1 25. Rxd1 Rd8 26. Rf1 Rd7
27. Re1 Re7 28. Rd1 Rd7 29. Re1 Re7 30. Rd1 Rd7 31. Re1 1/2-1/2

[Event "NK C Meisjes"]
[Site "Chess.com"]
[Date "2020.05.01"]
[Round "1"]
[White "Maris, Evi"]
[Black "Cordes, Jule"]
[Result "0-1"]
[WhiteElo "1539"]
[BlackElo "1632"]
[PlyCount "82"]
[EventDate "2020.??.??"]

1. e4 c5 2. Nf3 g6 3. Bc4 Nc6 4. O-O a6 5. d3 e6 6. Bf4 d5 7. exd5 exd5 8. Bb3
Bg7 9. c3 Nge7 10. Nbd2 O-O 11. Qc2 b5 12. a4 Bf5 13. axb5 axb5 14. Rxa8 Qxa8
15. Nh4 c4 16. Nxf5 Nxf5 17. dxc4 dxc4 18. Bxc4 bxc4 19. Nxc4 Qa6 20. Nd2 Nce7
21. b4 Qc6 22. c4 Nd4 23. Qd3 Rc8 24. c5 Nef5 25. g3 Re8 26. h3 Ne2+ 27. Kh2
Nxf4 28. gxf4 Nh4 29. Qg3 Nf5 30. Qg4 Qd5 31. Nf3 Qd3 32. Rg1 Re2 33. Rg2 Qc2
34. Kg1 Qd1+ 35. Kh2 Qc2 36. Kg1 Qe4 37. Ng5 Qb1+ 38. Kh2 Bd4 39. Qh4 Nxh4 40.
Rg4 Rxf2+ 41. Kg3 Nf5# 0-1

[Event "NK C Meisjes"]
[Site "Chess.com"]
[Date "2020.05.01"]
[Round "1"]
[White "Gergin, Isafara"]
[Black "Van Anrooij, Lizzy"]
[Result "1-0"]
[WhiteElo "1293"]
[BlackElo "961"]
[PlyCount "123"]
[EventDate "2020.??.??"]

1. e4 e5 2. Nf3 Nc6 3. Bc4 Bc5 4. b4 Bxb4 5. c3 Be7 6. d4 exd4 7. cxd4 Bb4+ 8.
Bd2 Bxd2+ 9. Qxd2 Nf6 10. Nc3 d6 11. O-O O-O 12. h3 h6 13. Rfe1 Be6 14. Bd3 Qd7
15. d5 Bxd5 16. exd5 Ne7 17. Bc2 Rad8 18. Rad1 c6 19. dxc6 bxc6 20. Qe3 Rfe8
21. Qd3 Ng6 22. Rxe8+ Rxe8 23. Qxd6 Qxd6 24. Rxd6 c5 25. Bxg6 fxg6 26. Rc6 Nd7
27. Rc7 Nf6 28. Rxc5 a6 29. Rc6 Ne4 30. Nxe4 Rxe4 31. Rxa6 Rc4 32. Ra8+ Kh7 33.
a4 Rc1+ 34. Kh2 Rc2 35. Kg3 Ra2 36. a5 g5 37. a6 Kg6 38. Ne5+ Kf6 39. Nc6 Ke6
40. a7 Ra3+ 41. Kh2 Kd7 42. Rd8+ Kxc6 43. a8=Q+ Rxa8 44. Rxa8 Kd5 45. Rg8 Ke6
46. Rxg7 Kf6 47. Ra7 h5 48. Kg3 Kf5 49. Ra5+ Kg6 50. h4 g4 51. f3 gxf3 52. gxf3
Kf6 53. Rxh5 Kg6 54. Rg5+ Kf6 55. Kg4 Kf7 56. h5 Ke6 57. h6 Kd6 58. h7 Ke6 59.
h8=Q Kd6 60. Qh6+ Kd7 61. Rg7+ Kc8 62. Qh8# 1-0

[Event "NK C Meisjes"]
[Site "Chess.com"]
[Date "2020.05.01"]
[Round "1"]
[White "Damen, Josephine"]
[Black "Feng, Elysia"]
[Result "1-0"]
[WhiteElo "1080"]
[BlackElo "1277"]
[PlyCount "64"]
[EventDate "2020.??.??"]

1. e4 e5 2. Nf3 Nc6 3. Bc4 Bc5 4. d3 Nf6 5. Nc3 h6 6. Be3 Bb6 7. O-O d6 8. Re1
Bg4 9. h3 Bh5 10. g4 Nxg4 11. hxg4 Bxg4 12. Kg2 Qf6 13. Nd5 Qd8 14. Rg1 h5 15.
Qd2 h4 16. Nh2 h3+ 17. Kh1 Bh5 18. Rxg7 Qd7 19. Nf6+ Ke7 20. Nxd7 Kxd7 21. Bxf7
Bxf7 22. Rxf7+ Ke8 23. Rg7 Kf8 24. Rag1 Re8 25. Qe2 Re7 26. Qf3+ Ke8 27. Rg8+
Rxg8 28. Rxg8+ Kd7 29. Qf5+ Re6 30. Rg7+ Ne7 31. Bg5 Bxf2 32. Rxe7+ Kc6 1-0

[Event "NK C Meisjes"]
[Site "Chess.com"]
[Date "2020.05.01"]
[Round "1"]
[White "Maris, Lauri"]
[Black "Honkoop, Stella"]
[Result "1-0"]
[WhiteElo "1275"]
[BlackElo "1096"]
[PlyCount "75"]
[EventDate "2020.??.??"]

1. e4 c5 2. g3 Nc6 3. Bg2 e5 4. Nc3 Nf6 5. d3 a6 6. Nge2 Be7 7. O-O b5 8. a3 d6
9. Bd2 Be6 10. Re1 b4 11. axb4 cxb4 12. Na2 a5 13. b3 Qc7 14. Nxb4 Nxb4 15.
Bxb4 O-O 16. Bd2 Nd7 17. Nc3 f5 18. exf5 Bxf5 19. Bxa8 Rxa8 20. Nd5 Qd8 21.
Nxe7+ Qxe7 22. Rxa5 Rc8 23. f4 Qf6 24. fxe5 Nxe5 25. Bf4 Ng4 26. Qa1 Qg6 27.
Ra8 Qf7 28. Rxc8+ Bxc8 29. Qa8 Qc7 30. Re8+ Kf7 31. Qxc8 Qb6+ 32. Kh1 Nf2+ 33.
Kg2 Qb5 34. Rf8+ Kg6 35. Qe6+ Kh5 36. Rf5+ Qxf5 37. Qxf5+ g5 38. Qxg5# 1-0

[Event "NK C Meisjes"]
[Site "Chess.com"]
[Date "2020.05.01"]
[Round "1"]
[White "Ganeshram, Nirupa"]
[Black "Venema, Katja"]
[Result "0-1"]
[WhiteElo "1155"]
[BlackElo "1620"]
[PlyCount "160"]
[EventDate "2020.??.??"]

1. e4 e6 2. d4 d5 3. exd5 exd5 4. Nc3 Nf6 5. Nf3 c5 6. Bg5 Be6 7. Bb5+ Nc6 8.
h3 a6 9. Be2 Be7 10. Bxf6 Bxf6 11. dxc5 Bxc3+ 12. bxc3 Qf6 13. Qd3 O-O 14. O-O
Rad8 15. Rad1 Bf5 16. Qd2 Rfe8 17. Bd3 Be4 18. Qg5 Qxc3 19. Bxe4 dxe4 20. Rxd8
Rxd8 21. Qc1 exf3 22. gxf3 Qf6 23. Qe3 Qg6+ 24. Kh2 Qe6 25. Qc3 Qe5+ 26. Qxe5
Nxe5 27. Kg3 Rd2 28. Re1 f6 29. Rc1 Rd5 30. f4 Ng6 31. Re1 Rxc5 32. Re2 Rc4 33.
f5 Ne5 34. f4 Nc6 35. Kg4 h5+ 36. Kg3 Ra4 37. c3 Ra3 38. Rc2 Nd4 39. Rd2 Nxf5+
40. Kf3 Rxc3+ 41. Kg2 Nh4+ 42. Kf2 Rf3+ 43. Ke2 Rxf4 44. Rd3 Re4+ 45. Kd2 Ra4
46. a3 Nf5 47. Rb3 Nd6 48. Kc2 f5 49. Rd3 Nb5 50. Rf3 Nxa3+ 51. Kd2 Nc4+ 52.
Ke2 Nd6 53. Kf2 Ra2+ 54. Kg3 b5 55. Kh4 g6 56. Kg5 Kg7 57. Rd3 Ne4+ 58. Kf4 Ra4
59. Kf3 Ng5+ 60. Kg3 h4+ 61. Kg2 Ra2+ 62. Kf1 b4 63. Rb3 a5 64. Ke1 Ne4 65. Kd1
Nc3+ 66. Kc1 Ra1+ 67. Kb2 Rb1+ 68. Kc2 Rxb3 69. Kxb3 f4 70. Kc4 f3 71. Kd3 f2
72. Ke3 f1=Q 73. Kd2 Ne4+ 74. Ke3 b3 75. Kxe4 b2 76. Kd4 b1=Q 77. Kd5 Qfd3+ 78.
Ke5 Qe1+ 79. Kf4 Qdf1+ 80. Kg5 Qg3# 0-1

[Event "NK C Meisjes"]
[Site "Chess.com"]
[Date "2020.05.01"]
[Round "2"]
[White "Venema, Katja"]
[Black "Damen, Josephine"]
[Result "1/2-1/2"]
[WhiteElo "1613"]
[BlackElo "1142"]
[PlyCount "109"]
[EventDate "2020.??.??"]

1. d4 Nf6 2. c4 g6 3. Nc3 Bg7 4. Bf4 d6 5. Nf3 O-O 6. e4 e5 7. dxe5 dxe5 8.
Bxe5 Qxd1+ 9. Rxd1 Bg4 10. Nb5 Nc6 11. Bxf6 Bxf6 12. Nxc7 Rac8 13. Nd5 Bxb2 14.
Be2 Rfe8 15. Nd2 Bxe2 16. Kxe2 Re6 17. Rb1 Bd4 18. Rxb7 f5 19. f3 Rf8 20. Nf4
Ree8 21. Rc7 fxe4 22. fxe4 Rxf4 23. Rxc6 Rf2+ 24. Kd3 Bb6 25. Rd6 Bc5 26. Rd5
Bb6 27. g3 Ref8 28. c5 Bc7 29. Nc4 Rxa2 30. Re1 Rf3+ 31. Re3 Rxe3+ 32. Kxe3
Rxh2 33. Rd7 Bxg3 34. Rxa7 Bf2+ 35. Kd3 Bxc5 36. Ra8+ Kg7 37. Rc8 Rh3+ 38. Ke2
Bd4 39. Rc7+ Kh6 40. Rd7 Bc3 41. Ne3 Kg5 42. Rd5+ Kf4 43. Nd1 Kxe4 44. Nxc3+
Rxc3 45. Rd7 h5 46. Rg7 Rc2+ 47. Kf1 Kf3 48. Rf7+ Ke3 49. Rg7 Rc6 50. Kg2 h4
51. Kh3 g5 52. Rxg5 Rc4 53. Rg4 Rxg4 54. Kxg4 Kf2 55. Kxh4 1/2-1/2

[Event "NK C Meisjes"]
[Site "Chess.com"]
[Date "2020.05.01"]
[Round "2"]
[White "Maris, Lauri"]
[Black "Pereira Garza, Cecilia"]
[Result "1-0"]
[WhiteElo "1518"]
[BlackElo "1608"]
[PlyCount "118"]
[EventDate "2020.??.??"]

1. e4 e6 2. Nf3 d5 3. exd5 exd5 4. d4 Nf6 5. Bg5 Be7 6. Be2 O-O 7. O-O c5 8.
dxc5 Bxc5 9. Nc3 d4 10. Ne4 Nbd7 11. Bxf6 Nxf6 12. Nxc5 Qd5 13. Qxd4 Qc6 14.
Ne5 Qc7 15. Qc3 Re8 16. Ncd3 Qe7 17. Qa3 Bf5 18. Qxe7 Rxe7 19. Bf3 Bxd3 20.
Nxd3 Rae8 21. Rfe1 Rxe1+ 22. Rxe1 Rc8 23. c3 Rd8 24. Nf4 g5 25. Nh5 Nxh5 26.
Bxh5 Rd2 27. h3 Rxb2 28. Re2 Rxe2 29. Bxe2 Kg7 30. Kh2 Kf6 31. Kg3 Ke5 32. Bf3
b6 33. c4 h6 34. h4 f6 35. hxg5 fxg5 36. Bd5 Kd4 37. f4 gxf4+ 38. Kxf4 b5 39.
cxb5 Kxd5 40. Kg4 Kc5 41. Kh5 Kxb5 42. Kxh6 Kb4 43. g4 Ka3 44. g5 a5 45. g6 a4
46. g7 Kxa2 47. g8=Q+ Kb2 48. Qg2+ Kb3 49. Qf1 Kb2 50. Qe2+ Kb3 51. Qe5 a3 52.
Qa1 a2 53. Kg5 Ka3 54. Kf4 Kb3 55. Ke3 Ka3 56. Kd3 Kb3 57. Kd2 Ka3 58. Kc3 Ka4
59. Qxa2+ Kb5 1-0

[Event "NK C Meisjes"]
[Site "Chess.com"]
[Date "2020.05.01"]
[Round "2"]
[White "Van Anrooij, Lizzy"]
[Black "Ganeshram, Nirupa"]
[Result "0-1"]
[WhiteElo "942"]
[BlackElo "1241"]
[PlyCount "128"]
[EventDate "2020.??.??"]

1. Nf3 d5 2. d4 e6 3. b3 c5 4. e3 Nf6 5. Bb5+ Bd7 6. Bxd7+ Nbxd7 7. Nc3 Be7 8.
O-O O-O 9. h3 Qc7 10. Re1 Qc6 11. a3 cxd4 12. Qxd4 Rac8 13. Bb2 b6 14. Qd2 Rfd8
15. b4 Nf8 16. Rac1 Ne4 17. Nxe4 dxe4 18. Nd4 Qc7 19. Qe2 Ng6 20. Rcd1 Bf6 21.
Nb5 Qxc2 22. Rxd8+ Bxd8 23. Qxc2 Rxc2 24. Bc3 a6 25. Rd1 Be7 26. Nd4 Rxc3 27.
Kh1 Rxa3 28. Ne2 Bxb4 29. Ng3 f5 30. Rd8+ Kf7 31. Rd7+ Kf6 32. Rb7 Ra1+ 33. Kh2
Bc5 34. Rd7 a5 35. Rd2 a4 36. Nh5+ Kg5 37. Nxg7 Kf6 38. Nh5+ Kf7 39. Rd7+ Ne7
40. Rd2 a3 41. Ng3 a2 42. Ne2 Rh1+ 43. Kxh1 a1=Q+ 44. Kh2 Bd6+ 45. Rxd6 Qe5+
46. Kh1 Qxd6 47. Ng3 Nd5 48. Kg1 f4 49. Ne2 fxe3 50. fxe3 Nxe3 51. Kf2 Nd1+ 52.
Ke1 b5 53. Kf1 b4 54. Ke1 b3 55. Kf1 Ne3+ 56. Ke1 b2 57. Kf2 b1=Q 58. Kxe3
Qbd3+ 59. Kf2 Qb6+ 60. Kf1 Qbb1+ 61. Kf2 e3+ 62. Kf3 Qf1+ 63. Kg3 Qf2+ 64. Kg4
Qdf5# 0-1

[Event "NK C Meisjes"]
[Site "Chess.com"]
[Date "2020.05.01"]
[Round "2"]
[White "Huang, Luna"]
[Black "Maris, Evi"]
[Result "1-0"]
[WhiteElo "1633"]
[BlackElo "1529"]
[PlyCount "115"]
[EventDate "2020.??.??"]

1. e4 e5 2. Nf3 Nc6 3. Bc4 Bc5 4. c3 Nf6 5. d3 O-O 6. Bg5 Be7 7. Be3 d6 8. Nbd2
Bg4 9. O-O a6 10. Re1 b5 11. Bb3 a5 12. Nf1 a4 13. Bc2 d5 14. Ng3 d4 15. cxd4
exd4 16. Bd2 Ne5 17. h3 Nxf3+ 18. gxf3 Bxh3 19. Bf4 Bd6 20. e5 Bb4 21. exf6
Qxf6 22. Re4 c5 23. a3 Ba5 24. Be5 Qg6 25. Kh2 Be6 26. Bf4 Bd5 27. Re5 Bb7 28.
Rxc5 b4 29. axb4 Bxb4 30. Rb5 Bd6 31. Bxd6 Qxd6 32. Rxb7 Rae8 33. Qg1 Re6 34.
Kg2 Rg6 35. Kf1 Qd5 36. Rb4 Qxf3 37. Qg2 Qf4 38. Ke1 Re8+ 39. Kd1 Qe5 40. Qf1
Rge6 41. Ne4 Qh5+ 42. Qe2 Qh1+ 43. Qe1 Qf3+ 44. Qe2 Qg2 45. Kd2 f5 46. Rxd4
fxe4 47. Rxe4 Qg5+ 48. Kd1 Qf6 49. Rxe6 Rxe6 50. Qd2 h6 51. Kc1 Qf3 52. Rxa4
Rc6 53. Ra8+ Kf7 54. Ra7+ Ke6 55. Qe1+ Kd6 56. Qe7+ Kd5 57. Rd7+ Rd6 58. Qxd6#
1-0

[Event "NK C Meisjes"]
[Site "Chess.com"]
[Date "2020.05.01"]
[Round "2"]
[White "Feng, Elysia"]
[Black "Honkoop, Stella"]
[Result "1-0"]
[WhiteElo "1282"]
[BlackElo "1011"]
[PlyCount "73"]
[EventDate "2020.??.??"]

1. e4 c5 2. Nf3 Nc6 3. d4 cxd4 4. Nxd4 e5 5. Nf3 Nf6 6. Nc3 a6 7. Bc4 Be7 8.
Be3 b5 9. Bb3 d6 10. Qd2 b4 11. Nd5 Nxe4 12. Qe2 Nf6 13. Nxf6+ Bxf6 14. Bd5 Bd7
15. Qc4 Rc8 16. Qxa6 O-O 17. O-O Be7 18. Rfc1 Nb8 19. Qb7 Nc6 20. Bxc6 Bxc6 21.
Qxb4 Bxf3 22. gxf3 d5 23. Qg4 Rc6 24. Kh1 Rg6 25. Qf5 Qd6 26. Rg1 Rf6 27. Qh5
g6 28. Qh6 d4 29. Bg5 Rxf3 30. Bxe7 Qxe7 31. Rg2 Qb7 32. b3 Rxf2 33. Rag1 Rc8
34. Qg5 e4 35. Rxf2 e3+ 36. Rfg2 Rxc2 37. Qe5 1-0

[Event "NK C Meisjes"]
[Site "Chess.com"]
[Date "2020.05.01"]
[Round "2"]
[White "Cordes, Jule"]
[Black "Gergin, Isafara"]
[Result "1-0"]
[WhiteElo "1680"]
[BlackElo "1290"]
[PlyCount "165"]
[EventDate "2020.??.??"]

1. d4 Nf6 2. c4 g6 3. Nc3 Bg7 4. Nf3 O-O 5. Bg5 d6 6. e3 Nbd7 7. Be2 e5 8. O-O
h6 9. Bh4 Qe8 10. Nb5 Qd8 11. Bg3 Ne4 12. a3 a6 13. Nc3 Nxg3 14. hxg3 f5 15.
Qc2 e4 16. Nd2 c5 17. d5 Nb6 18. Rac1 Bd7 19. Qb1 g5 20. b4 cxb4 21. axb4 Rc8
22. Qb3 h5 23. Na2 h4 24. gxh4 gxh4 25. c5 dxc5 26. bxc5 Na8 27. c6 bxc6 28.
dxc6+ Kh8 29. cxd7 Qxd7 30. Nc4 Qf7 31. Na5 Qxb3 32. Nxb3 Rxc1 33. Rxc1 Nb6 34.
Bxa6 f4 35. Nc5 fxe3 36. fxe3 Re8 37. Bb7 Bf6 38. Nxe4 Bg7 39. Nb4 Nd7 40. Rc7
Ne5 41. Nd6 Rg8 42. Be4 Rf8 43. Nf7+ Kg8 44. Nxe5 Bxe5 45. Bd5+ Kh8 46. Nd3
Bxc7 47. Nc5 Rd8 48. Bf3 Rb8 49. Kf1 Bb6 50. Nd7 Bxe3 51. Nxb8 Bf4 52. Nd7 Bg3
53. Nf6 Kg7 54. Ng4 Kg6 55. Ke2 Kg5 56. Ke3 Kf5 57. Nh6+ Kg5 58. Nf7+ Kf5 59.
Nd8 Kg5 60. Nc6 Bf4+ 61. Ke4 Bg3 62. Nd4 Bh2 63. Be2 Bg3 64. Nf3+ Kh5 65. Kf5
Bf2 66. Nh2+ Kh6 67. Ng4+ Kh5 68. Nxf2+ Kh6 69. Kg4 Kg6 70. Kxh4 Kf5 71. g4+
Kg6 72. g5 Kg7 73. Bd3 Kf7 74. Kh5 Kg7 75. g6 Kh8 76. Kh6 Kg8 77. g7 Kf7 78.
Bc4+ Kf6 79. Kh7 Ke5 80. g8=Q Kf4 81. Qe6 Kg3 82. Qf5 Kh4 83. Qg4# 1-0

[Event "NK C Meisjes"]
[Site "Chess.com"]
[Date "2020.05.01"]
[Round "3"]
[White "Pereira Garza, Cecilia"]
[Black "Maris, Evi"]
[Result "1-0"]
[WhiteElo "1616"]
[BlackElo "1523"]
[PlyCount "151"]
[EventDate "2020.??.??"]

1. d4 d5 2. c4 dxc4 3. Nf3 b5 4. a4 c6 5. e3 Qa5+ 6. Bd2 Qb6 7. Nc3 Bd7 8. Be2
Nf6 9. O-O e6 10. b3 Bd6 11. bxc4 bxc4 12. Bxc4 O-O 13. Rb1 Qc7 14. e4 e5 15.
d5 cxd5 16. Bxd5 Nc6 17. Rc1 Qa5 18. Nb5 Qd8 19. Nxd6 Bg4 20. Nb5 Ne7 21. Bxa8
Qxa8 22. h3 Bh5 23. Qe2 Nxe4 24. Nc7 Qb7 25. Be3 Nf5 26. g4 Nxe3 27. Qxe3 Bg6
28. a5 a6 29. Nxe5 Rc8 30. Nxg6 hxg6 31. f3 Nf6 32. Qb6 Rb8 33. Qxb7 Rxb7 34.
Nxa6 Ra7 35. Rc8+ Kh7 36. Rc6 Nd5 37. Rfc1 Ne3 38. Kf2 Nd5 39. R1c5 Nf4 40. Kg3
Ne2+ 41. Kf2 Nf4 42. h4 Nd3+ 43. Ke3 Nxc5 44. Nxc5 Rxa5 45. Nd3 Ra3 46. Rc7 f6
47. h5 g5 48. Ke4 Rb3 49. Nc5 Rc3 50. Ne6 Rxc7 51. Nxc7 Kg8 52. Ne6 Kf7 53. Kf5
Kg8 54. Kg6 f5 55. gxf5 g4 56. fxg4 Kh8 57. Nxg7 Kg8 58. f6 Kf8 59. f7 Ke7 60.
Ne6 Kxe6 61. f8=Q Ke5 62. Qf7 Kd4 63. Qe6 Kd3 64. Qe5 Kc4 65. Qd6 Kc3 66. Qd5
Kb4 67. Qc6 Kb3 68. Qc5 Kb2 69. Qc4 Kb1 70. Qc3 Ka2 71. Kf5 Kb1 72. Ke4 Ka2 73.
Qb4 Ka1 74. Kd3 Ka2 75. Kc2 Ka1 76. Qa4# 1-0

[Event "NK C Meisjes"]
[Site "Chess.com"]
[Date "2020.05.01"]
[Round "3"]
[White "Gergin, Isafara"]
[Black "Venema, Katja"]
[Result "0-1"]
[WhiteElo "1288"]
[BlackElo "1615"]
[PlyCount "148"]
[EventDate "2020.??.??"]

1. e4 e6 2. d4 d5 3. Nc3 Nf6 4. e5 Ne4 5. Nxe4 dxe4 6. f3 exf3 7. Nxf3 c5 8. c3
cxd4 9. cxd4 f6 10. Be3 fxe5 11. Nxe5 Bb4+ 12. Bd2 Qxd4 13. Qa4+ Bd7 14. Qxb4
Qxe5+ 15. Be2 Nc6 16. Qc3 Nd4 17. Be3 Nc6 18. Qd2 O-O-O 19. O-O Be8 20. Qc3
Qxc3 21. bxc3 Bg6 22. Rac1 Bd3 23. Rfe1 e5 24. Bg4+ Kb8 25. Red1 e4 26. c4 Ne5
27. Bf4 Rhe8 28. Bh5 g6 29. Be2 Ka8 30. Bxd3 Nxd3 31. Bg5 Rc8 32. Rc2 Re5 33.
Bf4 Rec5 34. Be3 Rxc4 35. Rxc4 Rxc4 36. Bh6 Kb8 37. Kf1 Kc7 38. Ke2 Nc1+ 39.
Bxc1 Rc2+ 40. Kf1 Rxa2 41. Bf4+ Kc6 42. Rd4 Ra1+ 43. Ke2 Ra2+ 44. Bd2 a5 45.
Rxe4 b5 46. Re6+ Kd5 47. Re7 h6 48. Ke1 Ra1+ 49. Kf2 Ra2 50. Re2 b4 51. Bxh6
Rxe2+ 52. Kxe2 b3 53. Bc1 a4 54. Kd2 Kc4 55. Bb2 Kb4 56. Kc1 a3 57. Bxa3+ Kxa3
58. Kb1 g5 59. g3 g4 60. Kc1 Ka2 61. Kd2 b2 62. Ke3 b1=Q 63. Kf4 Qb4+ 64. Kg5
Qe4 65. Kh4 Kb3 66. h3 gxh3+ 67. Kxh3 Kc3 68. g4 Qf3+ 69. Kh4 Kd4 70. g5 Qh1+
71. Kg4 Ke5 72. g6 Qg2+ 73. Kh5 Kf6 74. g7 Qg5# 0-1

[Event "NK C Meisjes"]
[Site "Chess.com"]
[Date "2020.05.01"]
[Round "3"]
[White "Damen, Josephine"]
[Black "Huang, Luna"]
[Result "1-0"]
[WhiteElo "1236"]
[BlackElo "1389"]
[PlyCount "57"]
[EventDate "2020.??.??"]

1. e4 c5 2. Nc3 d6 3. Nf3 Nf6 4. Bc4 a6 5. d3 Nc6 6. O-O e5 7. Bg5 h6 8. Bxf6
gxf6 9. Nd5 Bg4 10. h3 Bh5 11. Re1 Rg8 12. c3 Be7 13. g4 Bxg4 14. hxg4 Rxg4+
15. Kf1 Qd7 16. Nb6 Qd8 17. Nxa8 Qxa8 18. Qd2 h5 19. Qh6 h4 20. Qh8+ Bf8 21.
Qxf6 Rf4 22. Bxf7+ Kd7 23. Qe6+ Kc7 24. Ng5 Qd8 25. Nh3 Rf3 26. Bh5 Rxh3 27.
Qxh3 Qg5 28. Qg4 Qf6 29. Re3 1-0

[Event "NK C Meisjes"]
[Site "Chess.com"]
[Date "2020.05.01"]
[Round "3"]
[White "Ganeshram, Nirupa"]
[Black "Feng, Elysia"]
[Result "0-1"]
[WhiteElo "1137"]
[BlackElo "1289"]
[PlyCount "123"]
[EventDate "2020.??.??"]

1. e4 e5 2. Nf3 Nc6 3. Bc4 Bc5 4. Nc3 Nf6 5. d3 h6 6. h3 d6 7. Be3 Bb6 8. Qd2
Be6 9. Bb3 Qd7 10. d4 exd4 11. Nxd4 Bxb3 12. axb3 Nxd4 13. Bxd4 Bxd4 14. Qxd4
Qe7 15. O-O c5 16. Qd3 O-O 17. Rfe1 Rfe8 18. Qf3 a6 19. Ne2 Qxe4 20. Qc3 Qe5
21. Qxe5 Rxe5 22. Rad1 Re6 23. Kf1 Rae8 24. Rd2 Nh5 25. Red1 Kf8 26. Nc3 Ke7
27. Nd5+ Kd7 28. Nb6+ Kc6 29. Nc4 Rd8 30. Na5+ Kc7 31. Nc4 b5 32. Ne3 Nf6 33.
Nf5 Ne4 34. Rd3 g5 35. Kg1 Rf6 36. Rf3 Re8 37. Re1 Re5 38. Ne3 Rxf3 39. gxf3
Nd2 40. Re2 Nxf3+ 41. Kg2 Nh4+ 42. Kg3 f5 43. c4 f4+ 44. Kg4 fxe3 45. fxe3 bxc4
46. bxc4 Re4+ 47. Kg3 Kd7 48. b3 h5 49. Re1 Nf5+ 50. Kf3 Re6 51. e4 Nd4+ 52.
Ke3 Nxb3 53. Kf3 Na5 54. Rc1 Kc6 55. Ke3 Rf6 56. Rc3 Rf4 57. Rd3 Nxc4+ 58. Ke2
Rxe4+ 59. Kf3 Rf4+ 60. Kg3 Ne5 61. Ra3 Rf3+ 62. Kg2 0-1

[Event "NK C Meisjes"]
[Site "Chess.com"]
[Date "2020.05.01"]
[Round "3"]
[White "Cordes, Jule"]
[Black "Maris, Lauri"]
[Result "1/2-1/2"]
[WhiteElo "1637"]
[BlackElo "1549"]
[PlyCount "64"]
[EventDate "2020.??.??"]

1. d4 d5 2. c4 dxc4 3. Nf3 Nf6 4. a4 e6 5. e3 Bb4+ 6. Bd2 Bxd2+ 7. Nbxd2 b6 8.
Bxc4 O-O 9. O-O Bb7 10. Qc2 Nc6 11. Rac1 Ne7 12. Bd3 Rc8 13. Ng5 g6 14. Nge4
Nxe4 15. Nxe4 Bxe4 16. Bxe4 Nd5 17. Rfd1 Re8 18. Qc4 f5 19. Bf3 Qd6 20. Rd3 Re7
21. Rd2 Qd7 22. Rdc2 Qd6 23. Be2 a5 24. Qb3 Nb4 25. Rc4 Rd7 26. Bf3 Re7 27. Be2
Qd7 28. Bf3 Qd6 29. Bc6 Rd8 30. Bb5 Rc8 31. Bc6 Rd8 32. Bf3 Rc8 1/2-1/2

[Event "NK C Meisjes"]
[Site "Chess.com"]
[Date "2020.05.01"]
[Round "4"]
[White "Damen, Josephine"]
[Black "Cordes, Jule"]
[Result "0-1"]
[WhiteElo "1223"]
[BlackElo "1662"]
[PlyCount "94"]
[EventDate "2020.??.??"]

1. e4 c5 2. Nc3 e6 3. Nf3 Nc6 4. d4 cxd4 5. Nxd4 Bb4 6. Qd3 Nf6 7. Bg5 h6 8.
Bh4 Ne5 9. Qg3 Ng6 10. e5 Ne4 11. Bxd8 Nxg3 12. hxg3 Kxd8 13. a3 Bxc3+ 14. bxc3
Nxe5 15. Bd3 d5 16. O-O Ke7 17. Rfe1 Ng4 18. f3 Nf6 19. Nf5+ Kf8 20. Nd6 g6 21.
Rab1 b6 22. c4 Ke7 23. Nb5 Bd7 24. Nc7 Rac8 25. Nxd5+ Nxd5 26. cxd5 Kf6 27.
dxe6 Bxe6 28. Rb4 Rc3 29. Rf4+ Kg7 30. a4 Rhc8 31. g4 g5 32. Rfe4 R8c5 33. R4e2
Ra3 34. Bf5 Bxf5 35. gxf5 Rxf5 36. Re7 Rxa4 37. Rc7 b5 38. Ree7 a5 39. g4 Rxf3
40. Kg2 Rf6 41. Re5 b4 42. Ra7 Ra2 43. Raxa5 Rxc2+ 44. Kg3 b3 45. Rab5 b2 46.
Re1 Rd6 47. Re3 Rdd2 0-1

[Event "NK C Meisjes"]
[Site "Chess.com"]
[Date "2020.05.01"]
[Round "4"]
[White "Venema, Katja"]
[Black "Maris, Lauri"]
[Result "0-1"]
[WhiteElo "1606"]
[BlackElo "1653"]
[PlyCount "188"]
[EventDate "2020.??.??"]

1. d4 d5 2. c4 dxc4 3. e4 Nc6 4. d5 Ne5 5. f4 Ng6 6. Bxc4 Nf6 7. e5 Nd7 8. Nf3
Nb6 9. Bb3 Bg4 10. O-O e6 11. dxe6 Qxd1 12. Rxd1 Bxe6 13. Bxe6 fxe6 14. Nc3
Bc5+ 15. Kf1 O-O 16. Nb5 Rf7 17. Ng5 Re7 18. a3 h6 19. Ne4 a6 20. Nbc3 Nd7 21.
b4 Bb6 22. Na4 Rf8 23. g3 Ngxe5 24. Nxb6 Nxb6 25. Bb2 Nec4 26. Bd4 Rd7 27. Bc5
Rxd1+ 28. Rxd1 Re8 29. Bxb6 cxb6 30. Ke2 Nxa3 31. Nd6 Re7 32. Kf3 Rd7 33. Rd2
Nb1 34. Rd1 Nc3 35. Rd2 Nb5 36. Nc4 Rxd2 37. Nxd2 Kf7 38. Nc4 Nd4+ 39. Ke4 Nc6
40. b5 axb5 41. Nd6+ Ke7 42. Nxb5 Nb4 43. f5 exf5+ 44. Kxf5 Nd5 45. Kg6 Kf8 46.
Nd6 Ne7+ 47. Kh5 b5 48. Nxb5 b6 49. Kg4 Nd5 50. Kf5 Kf7 51. h3 Ne3+ 52. Ke4 Nf1
53. g4 Nd2+ 54. Kf5 Nf3 55. Nd6+ Kf8 56. Kg6 Ng1 57. h4 Nf3 58. Kh5 Ke7 59. Nb5
Kf6 60. Nd6 Ne5 61. g5+ hxg5 62. hxg5+ Ke6 63. Nb5 Kd5 64. g6 Kc5 65. Nc3 b5
66. Ne4+ Kd5 67. Nc3+ Kc4 68. Ne4 b4 69. Nd6+ Kd5 70. Ne8 b3 71. Nxg7 Nxg6 72.
Kxg6 b2 73. Nf5 b1=Q 74. Kg5 Ke5 75. Ng3 Qg1 76. Kg4 Kf6 77. Kf3 Qa1 78. Ne4+
Kf5 79. Ng3+ Ke5 80. Ne2 Qa3+ 81. Kf2 Ke4 82. Ng3+ Kf4 83. Ne2+ Kg4 84. Ng1
Qb2+ 85. Kf1 Kg3 86. Ne2+ Kf3 87. Ng1+ Ke3 88. Nh3 Qe2+ 89. Kg1 Kf3 90. Ng5+
Kg3 91. Ne4+ Qxe4 92. Kf1 Kf3 93. Kg1 Qe2 94. Kh1 Qg2# 0-1

[Event "NK C Meisjes"]
[Site "Chess.com"]
[Date "2020.05.01"]
[Round "4"]
[White "Huang, Luna"]
[Black "Gergin, Isafara"]
[Result "0-1"]
[WhiteElo "1255"]
[BlackElo "1298"]
[PlyCount "126"]
[EventDate "2020.??.??"]

1. e4 c5 2. Nf3 Nc6 3. d4 cxd4 4. Nxd4 Nf6 5. Nc3 e5 6. Ndb5 d6 7. Nd5 Nxd5 8.
exd5 Nb8 9. Qd3 a6 10. Nc3 Be7 11. Be3 O-O 12. h4 g6 13. h5 Bf5 14. Qd2 Nd7 15.
Bd3 Bxd3 16. Qxd3 f5 17. hxg6 hxg6 18. g4 Bg5 19. Bxg5 Qxg5 20. Qh3 Kf7 21.
gxf5 Qxf5 22. Qxf5+ gxf5 23. O-O-O Rh8 24. Rdg1 Rxh1 25. Rxh1 Rg8 26. Rh7+ Ke8
27. Kd2 Nf6 28. Rxb7 Rg2 29. Ke1 Ng4 30. f3 Nh2 31. Rb8+ Kf7 32. Rb7+ Kf6 33.
Rb6 Ke7 34. Rxa6 Rxc2 35. Rb6 Nxf3+ 36. Kd1 Rd2+ 37. Kc1 e4 38. Nb1 Rxd5 39.
Nc3 Rc5 40. Rb7+ Ke6 41. Rh7 e3 42. Rh3 e2 43. Rxf3 e1=Q+ 44. Kc2 Qe2+ 45. Kb3
Qxf3 46. Kb4 Qb7+ 47. Ka3 Ra5+ 48. Na4 Qe4 49. b3 Rb5 50. Nc3 Ra5+ 51. Na4
Rxa4+ 52. bxa4 Qa8 53. Kb4 f4 54. Kc3 Qxa4 55. Kd3 Qxa2 56. Ke4 Qf2 57. Kd3 Ke5
58. Kc4 Qd2 59. Kb3 Kd4 60. Ka4 Kc4 61. Ka3 Qb4+ 62. Ka2 Kc3 63. Ka1 Qb2# 0-1

[Event "NK C Meisjes"]
[Site "Chess.com"]
[Date "2020.05.01"]
[Round "4"]
[White "Honkoop, Stella"]
[Black "Ganeshram, Nirupa"]
[Result "1-0"]
[WhiteElo "1147"]
[BlackElo "1036"]
[PlyCount "29"]
[EventDate "2020.??.??"]

1. d4 d5 2. Bf4 e6 3. e3 Nf6 4. Bd3 c5 5. c3 Be7 6. Nf3 Nc6 7. Ne5 Nxe5 8. dxe5
Nd7 9. Nd2 Bg5 10. Bg3 Bh4 11. f4 Bxg3+ 12. hxg3 f6 13. Rxh7 Rxh7 14. Bxh7 fxe5
15. Qh5+ 1-0

[Event "NK C Meisjes"]
[Site "Chess.com"]
[Date "2020.05.01"]
[Round "4"]
[White "Feng, Elysia"]
[Black "Pereira Garza, Cecilia"]
[Result "1/2-1/2"]
[WhiteElo "1295"]
[BlackElo "1609"]
[PlyCount "147"]
[EventDate "2020.??.??"]

1. e4 e6 2. d4 d5 3. e5 c5 4. c3 Nc6 5. Nf3 Nge7 6. Bd3 Ng6 7. O-O Be7 8. Be3
c4 9. Bc2 Bd7 10. Nbd2 Qb6 11. b3 cxb3 12. Bxb3 O-O 13. c4 Na5 14. cxd5 Nxb3
15. Nxb3 exd5 16. Rb1 Qe6 17. Qd2 b6 18. h3 f6 19. exf6 Qxf6 20. Rfe1 Bxh3 21.
Bg5 Qd6 22. Bxe7 Nxe7 23. Qe3 Nf5 24. Qg5 h6 25. Qh5 Bxg2 26. Kxg2 Rf6 27. Qh2
Rg6+ 28. Kh1 Qf6 29. Rg1 Rf8 30. Nbd2 Rxg1+ 31. Rxg1 Nxd4 32. Nxd4 Qxd4 33. f3
Qf6 34. Qg3 d4 35. Ne4 Qxf3+ 36. Qxf3 Rxf3 37. Rd1 d3 38. Kg2 Re3 39. Nc3 d2
40. Nb1 Rd3 41. Kf2 g5 42. Ke2 Rd8 43. Nxd2 h5 44. Rg1 g4 45. Rh1 Rd5 46. Ke3
Kg7 47. Ne4 Ra5 48. Nc3 Kg6 49. Kf4 Ra3 50. Rc1 a6 51. Rc2 b5 52. Nd5 Ra4+ 53.
Kg3 Rc4 54. Rh2 Rc5 55. Nf4+ Kh6 56. Ne6 Rc3+ 57. Kf4 Rc4+ 58. Kg3 Rc3+ 59. Kh4
a5 60. Nf4 b4 61. Nxh5 Rh3+ 62. Rxh3 gxh3 63. Kxh3 Kxh5 64. Kg3 Kg5 65. Kf3 Kf5
66. Ke3 Ke5 67. Kd3 Kd5 68. Kc2 Kc4 69. Kb2 a4 70. Kc2 b3+ 71. axb3+ axb3+ 72.
Kb2 Kb4 73. Kb1 Kc3 74. Kc1 1/2-1/2